| Art - Painting/Sculpture | 0 | 3 | 0 | 1 | 30 | 50 | 88.33 | 1 | 2 |
| History - World | 0 | 2 | 0 | 0 | 20 | 54 | 57.50 | 1 | 2 |
| Art - Music/Opera | 0 | 2 | 0 | 0 | 20 | 58 | 76.00 | 1 | 2 |
| Literature - World/Misc poetry | 0 | 2 | 0 | 0 | 20 | 83 | 98.00 | 0 | 1 |
| Mythology - Greco/Roman | 0 | 2 | 0 | 0 | 20 | 46 | 67.00 | 2 | 2 |
| Mythology - Mixed/Any | 0 | 2 | 0 | 0 | 20 | 68 | 80.00 | 1 | 2 |
| Science - Biology | 0 | 2 | 1 | 0 | 15 | 84 | 90.50 | 0 | 1 |
| Mythology - Egyptian | 0 | 1 | 0 | 1 | 10 | 121 | 121.00 | 0 | 0 |
| Mythology - Norse | 0 | 1 | 0 | 0 | 10 | 108 | 108.00 | 0 | 0 |
| Other Academic/Cross-Category - Any | 0 | 1 | 0 | 0 | 10 | 96 | 96.00 | 0 | 0 |
| Philosophy - 20th century | 0 | 1 | 0 | 0 | 10 | 105 | 105.00 | 1 | 1 |
| Religion - Buddhism | 0 | 1 | 0 | 0 | 10 | 75 | 75.00 | 1 | 1 |
| Religion - Christianity/Judaism | 0 | 1 | 0 | 0 | 10 | 87 | 87.00 | 0 | 1 |
| Science - Astronomy | 0 | 1 | 0 | 0 | 10 | 68 | 68.00 | 1 | 1 |
| Social Science - Sociology | 0 | 1 | 0 | 0 | 10 | 102 | 102.00 | 0 | 1 |
| Art - Visual | 0 | 1 | 0 | 0 | 10 | 79 | 79.00 | 0 | 1 |
| Geography - Oceania/Pacific | 0 | 1 | 0 | 0 | 10 | 127 | 127.00 | 0 | 0 |
| Literature - British poetry | 0 | 1 | 0 | 0 | 10 | 86 | 86.00 | 0 | 0 |
| Literature - British short fiction | 0 | 1 | 0 | 0 | 10 | 93 | 93.00 | 0 | 0 |
| Literature - World/Misc long fiction | 0 | 1 | 0 | 1 | 10 | 62 | 62.00 | 0 | 0 |
| Mythology - Americas | 0 | 1 | 0 | 0 | 10 | 35 | 35.00 | 1 | 1 |
| Science - Other | 0 | 1 | 0 | 0 | 10 | 8 | 8.00 | 1 | 1 |
| Social Science - Anthropology | 0 | 1 | 0 | 0 | 10 | 109 | 109.00 | 0 | 1 |
| Social Science - IR | 0 | 1 | 0 | 0 | 10 | 131 | 131.00 | 0 | 0 |
| Social Science - Law | 0 | 1 | 0 | 1 | 10 | 150 | 150.00 | 0 | 0 |
| Mythology - East Asia | 0 | 1 | 1 | 1 | 5 | 145 | 145.00 | 0 | 0 |
| Social Science - Economics | 0 | 0 | 1 | 0 | -5 | | 0.00 | 0 | 0 |
| Science - Physics | 0 | 1 | 3 | 0 | -5 | 66 | 66.00 | 1 | 1 |
| Religion - Islam | 0 | 0 | 2 | 0 | -10 | | 0.00 | 0 | 0 |